Statystyki dla Dopasuj ligę do kraju.

Kliknij tutaj aby rozwiązać quiz!

Ogólne statystyki

  • Ten quiz został rozwiązany 41 razy
  • Średni wynik to 12 z 55

Statystyki odpowiedzi

Miejsce w rankinguKrajLiga% Poprawnych
10.
AustriaBundesliga
95%
3.NiemcyBundesliga
95%
2.HiszpaniaLa Liga
95%
1.AngliaPremier League
95%
43.Wyspy OwczePremier League
95%
16.UkrainaPremier League
95%
28.PolskaEkstraklasa
86%
4.WłochySerie A
86%
5.FrancjaLigue 1
73%
6.HolandiaEredivisie
57%
12.TurcjaSuper Lig
38%
45.MaltaPremier Liga
22%
18.RosjaPremier Liga
22%
29.AzerbejdżanPremier Liga
22%
32.MołdawiaSuper Liga
22%
11.SerbiaSuper Liga
22%
49.AlbaniaSuper Liga
22%
17.DaniaSuperliga
22%
41.Bośnia i HercegowinaSuperliga
22%
33.KosowoSuperliga
22%
7.PortugaliaLiga Portugal
19%
9.SzkocjaPremiership
16%
14.Czechy1. Liga
8%
8.BelgiaJupiler League
8%
25.RumuniaLiga 1
8%
53.AndoraPrimera Divisió
8%
31.SłowacjaPrva Liga
8%
20.GrecjaSuper League
8%
13.SzwajcariaSuper League
8%
27.SłoweniaFortuna Liga
5%
19.ChorwacjaHNL
5%
39.KosowoPierwsza Liga
5%
30.KazachstanPierwsza Liga
5%
23.SzwecjaAllsvenskan
3%
38.LitwaA Lyga
3%
15.NorwegiaEliteserien
3%
52.Macedonia1.MFL
0%
48.IslandiaBesta-deild karla
0%
55.San MarinoCampionato Sammmarinese
0%
46.GruzjaCrystalbet Erovnuli Liga
0%
50.WaliaCymru Premier
0%
42.LuksemburgDywizja Narodowa
0%
34.LiechtensteinLiechtenstein Cup
0%
21.IzraelLigat ha'Al
0%
47.EstoniaMeistriliiga
0%
51.GiblartarNational League
0%
24.WęgryNemzeti Bajnoksag I
0%
44.Irlandia PółnocnaNIFL Premiership
0%
35.ŁotwaOptibet Virsliga
0%
26.BułgariaParva Liga
0%
54.CzarnogóraPierwsza Czarnogórska Liga
0%
22.CyprPierwsza Dywizja
0%
36.IrlandiaPremier Division
0%
37.FinlandiaVeikkausliiga
0%
39.ArmeniaWyszejszaja Liha
0%

Rozkład punktacji

Percentyl według liczby udzielonych odpowiedzi

Procent ludzi z każdym wynikiem

Twoja historia wyników

Nie rozwiązałeś tego quizu